Conquista y contraconquista : (Record no. 77568)

MARC details
000 -LEADER
fixed length control field 01155nam a22002417a 4500
008 - FIXED-LENGTH DATA ELEMENTS--GENERAL INFORMATION
fixed length control field 140828t mx||||| |||| 00| 0 spa d
020 ## - INTERNATIONAL STANDARD BOOK NUMBER
International Standard Book Number 9681205626
050 04 - LIBRARY OF CONGRESS CALL NUMBER
Classification number PQ7081 .A1
Item number I57 1994
050 04 - LIBRARY OF CONGRESS CALL NUMBER
Classification number PQ7081 .A1
Item number C65 1994
111 2# - MAIN ENTRY--MEETING NAME
Meeting name or jurisdiction name as entry element Congreso Internacional de Literatura Iberoamericana
Date of meeting 28 : 1990
Location of meeting Brown University
245 00 - TITLE STATEMENT
Title Conquista y contraconquista :
Remainder of title la escritura del Nuevo Mundo : actas del XXVIII Congreso del Instituto Internacional de Literatura Iberoamericana /
Statement of responsibility, etc Julio Ortega y José Amor y Vázquez, editores ; Rafael Olea Franco, colaborador
250 ## - EDITION STATEMENT
Edition statement 1a ed.
260 ## - PUBLICATION, DISTRIBUTION, ETC. (IMPRINT)
Place of publication, distribution, etc México, D. F. :
Name of publisher, distributor, etc Colegio de México ; Providence, R. I., USA : Brow University,
Date of publication, distribution, etc 1994
300 ## - PHYSICAL DESCRIPTION
Extent 667 p. ;
Dimensions 22 cm.
504 ## - BIBLIOGRAPHY, ETC. NOTE
Bibliography, etc Incluye referencias bibliogáficas e índice
650 #7 - SUBJECT ADDED ENTRY--TOPICAL TERM
Topical term or geographic name as entry element Literatura latinoamericana
General subdivision Historia y crítica
Form subdivision Congreso
Source of heading or term LEMB
650 #7 - SUBJECT ADDED ENTRY--TOPICAL TERM
Topical term or geographic name as entry element Literatura y sociedad
Geographic subdivision América Latina
Form subdivision Congresos
Source of heading or term LEMB
651 #7 - SUBJECT ADDED ENTRY--GEOGRAPHIC NAME
Geographic name América Latina en la literatura
Form subdivision Congresos
Source of heading or term LEMB
700 1# - ADDED ENTRY--PERSONAL NAME
Personal name Ortega, Julio,
Dates associated with a name 1942
Fuller form of name ed.
700 1# - ADDED ENTRY--PERSONAL NAME
Personal name Amor y Vázquez, José,
Fuller form of name ed.
700 1# - ADDED ENTRY--PERSONAL NAME
Personal name Olea Franco, Rafael
Fuller form of name colab.
942 ## - ADDED ENTRY ELEMENTS (KOHA)
Source of classification or shelving scheme Biblioteca del Cogreso de los Estados Unidos
Koha item type Libro
Holdings
Estado de pérdida Fuente de clasificación Estado del daño No para préstamo Ubicación permanente Ubicación actual Apartado o colección Fecha de adquisición Fuente de adquisición Edición Enumeración de Serie / Cronológica Área del conocimiento Clasificación Código de Barras Date last seen Número de copia Tipo de recurso Nota pública Dependencia de educación superior (DES)
  Biblioteca del Cogreso de los Estados Unidos     Biblioteca de la Facultad de Letras Biblioteca de la Facultad de Letras General 28/08/2014 Unidad Académica 1a ed, LLH000004975 Educación y Humanidades PQ7081.A1 I57 1994 LLH000004975 16/01/2015 C:1 Libro General  
  Biblioteca del Cogreso de los Estados Unidos     Biblioteca del Instituto de Investigaciones Históricas Biblioteca del Instituto de Investigaciones Históricas General 19/11/2014         PQ7081 .A1 C65 1994 IIH000013037 16/01/2015 C: 1 Libro GENERAL